Language Quiz

Random Language or Italian Quiz

Het weer in zinnen Nederlands-Italiaans Quiz Stats

 Plays Quiz not verified by Sporcle

Score 0/38 Timer 20:00
0 Plays Today
Nederlands Italiaans % Correct
Hoe is het weer bij jou? (1/2)Che tempo fa da te? / Com'è il tempo da te?
100%
Het is een mooie dag.È una bella giornata.
100%
Het weer is instabiel.Il tempo è instabile.
100%
Het is warm.Fa caldo.
100%
Het is koud.Fa freddo.
100%
Het is koel.Fa fresco.
100%
De zon schijnt.C'è (il) sole.
100%
Het is zonnig.È soleggiato.
100%
Het is bewolkt.È nuvoloso.
100%
Het waait. (1/2)C'è/tira (il) vento.
100%
Het is winderig.È ventoso.
100%
Het regent.Piove.
100%
Het is aan het regenen.Sta piovendo.
100%
Het is regenachtig.È piovoso.
100%
Het sneeuwt.Nevica.
100%
Het is aan het sneeuwen.Sta nevicando.
100%
Het is mistig. (1/2)C'è (la) nebbia. / È nebbioso.
100%
Het onweert.C'è il/un temporale.
100%
Het stormt.C'è la/una tempesta.
100%
Nederlands Italiaans % Correct
De luchtvochtigheid is hoog.L'umidità è alta.
100%
De luchtvochtigheid is laag.L'umidità è bassa.
100%
Ik heb het warm.Ho caldo.
100%
Ik heb het koud.Ho freddo.
100%
Ik zweet.Sudo.
100%
Hoeveel graden is het?Quanti gradi ci sono?
85.7%
Het is mooi weer.Fa bel tempo.
85.7%
Het is slecht weer. (1/3)Fa brutto/cattivo tempo. / Fa maltempo.
85.7%
Het is erg warm. (1/2)Fa caldissimo. / Fa molto caldo.
85.7%
Het is erg koud. (1/2)Fa freddissimo. / Fa molto freddo.
85.7%
Het hagelt.Grandina.
85.7%
Het is aan het hagelen.Sta grandinando.
85.7%
Het is stormachtig. (1/2)È tempestoso/burrascoso.
85.7%
Het weer is wisselvallig.Il tempo è variabile.
71.4%
Het is drukkend warm.È afoso.
71.4%
Het is ijzig / ijskoud.Fa un freddo gelido.
71.4%
Het is helder (weer).È sereno.
71.4%
Het vriest.Si (con)gela.
71.4%
Het is vochtig. (1/2)C’è (l')umidità. / È umido.
42.9%

You're not logged in!

Compare scores with friends on all Sporcle quizzes.
OR
Log In

Show Comments

Extras

Created Oct 26, 2018ReportNominate
Tags:Italian Quiz, het, neverland

Top Quizzes Today


Score Distribution

Your Account Isn't Verified!

In order to create a playlist on Sporcle, you need to verify the email address you used during registration. Go to your Sporcle Settings to finish the process.

Report this User

Report this user for behavior that violates our Community Guidelines.

Details: